Warring parents wounded children and the wretched world of child custody (Record no. 152939)
[ view plain ]
| 000 -LEADER | |
|---|---|
| fixed length control field | 00583nam a2200205Ia 4500 |
| 003 - CONTROL NUMBER IDENTIFIER | |
| control field | OSt |
| 005 - DATE AND TIME OF LATEST TRANSACTION | |
| control field | 20250919093330.0 |
| 008 - FIXED-LENGTH DATA ELEMENTS--GENERAL INFORMATION | |
| fixed length control field | 210210b2008 xxu||||| |||| 00| 0 eng d |
| 020 ## - INTERNATIONAL STANDARD BOOK NUMBER | |
| International Standard Book Number | 9780313349737 |
| 040 ## - CATALOGING SOURCE | |
| Transcribing agency | AL |
| 082 ## - DEWEY DECIMAL CLASSIFICATION NUMBER | |
| Classification number | 306.88 HELW |
| 100 ## - MAIN ENTRY--PERSONAL NAME | |
| Personal name | Joseph Helmreich |
| 9 (RLIN) | 239527 |
| 245 ## - TITLE STATEMENT | |
| Title | Warring parents wounded children and the wretched world of child custody |
| Remainder of title | : cautionary tales |
| 260 ## - PUBLICATION, DISTRIBUTION, ETC. | |
| Place of publication, distribution, etc. | Westport |
| Name of publisher, distributor, etc. | Praeger Publishers |
| Date of publication, distribution, etc. | 2008 |
| 300 ## - PHYSICAL DESCRIPTION | |
| Extent | xi,131p |
| 690 ## - LOCAL SUBJECT ADDED ENTRY--TOPICAL TERM (OCLC, RLIN) | |
| Topical term or geographic name as entry element | Marriage and Family |
| 9 (RLIN) | 239541 |
| 700 ## - ADDED ENTRY--PERSONAL NAME | |
| Personal name | Paul Marcus |
| 9 (RLIN) | 239542 |
| 906 ## - LOCAL DATA ELEMENT F, LDF (RLIN) | |
| a | 068734 |
| 942 ## - ADDED ENTRY ELEMENTS (KOHA) | |
| Source of classification or shelving scheme | Dewey Decimal Classification |
| Koha item type | Book |
| Withdrawn status | Lost status | Damaged status | Not for loan | Collection code | Home library | Current library | Shelving location | Date acquired | Source of acquisition | Cost, normal purchase price | Total Checkouts | Full call number | Barcode | Date last seen | Price effective from | Koha item type |
|---|---|---|---|---|---|---|---|---|---|---|---|---|---|---|---|---|
| St Aloysius Library | St Aloysius Library | 02/17/2021 | Intact Bookhouse Pvt. Ltd, Bangalore-560050 | 2516.85 | 306.88 HELW | 068734 | 02/17/2021 | 02/17/2021 | Book |